ដំណាំអមពៅនៅខេត្តកណ្ដាល (Record no. 170)

000 -LEADER
fixed length control field 00447nam a22001577a 4500
003 - CONTROL NUMBER IDENTIFIER
control field OSt
005 - DATE AND TIME OF LATEST TRANSACTION
control field 20150909154844.0
008 - FIXED-LENGTH DATA ELEMENTS--GENERAL INFORMATION
fixed length control field 150909b xxu||||| |||| 00| 0 eng d
040 ## - CATALOGING SOURCE
Transcribing agency RUA
082 ## - DEWEY DECIMAL CLASSIFICATION NUMBER
Classification number AGR ប៊ុន 1993 B008 Or.1
100 ## - MAIN ENTRY--PERSONAL NAME
9 (RLIN) 190
Personal name ប៊ុន ចាន់នី
245 ## - TITLE STATEMENT
Title ដំណាំអមពៅនៅខេត្តកណ្ដាល
260 ## - PUBLICATION, DISTRIBUTION, ETC. (IMPRINT)
Place of publication, distribution, etc. RUA
Name of publisher, distributor, etc. phnom penh
Date of publication, distribution, etc. 1993
300 ## - PHYSICAL DESCRIPTION
Extent 87p.
Dimensions ill.
Size of unit 29cm.
942 ## - ADDED ENTRY ELEMENTS (KOHA)
Koha item type AGR
Holdings
Price effective from Date last seen Permanent Location Not for loan Date acquired Source of classification or shelving scheme Koha item type Barcode Lost status Damaged status Withdrawn status Current Location Full call number
2015-09-092015-09-09Library Block B 2015-09-09 AGRRUA005628   Library Block BAGR ប៊ុន 1993 B008 Or.1
2015-09-092015-09-09Library Block B 2015-09-09 AGRRUA005413   Library Block BAGR ប៊ុន 1993 B008 Or.2
មជ្ឈមណ្ឌលឯការនៃសាកលវិទ្យាល័យភូមិន្ទកសិកម្មចំការដូង

Powered by Koha